America / Its People and Values: Workbook/ Tests (Record no. 5652)
[ view plain ]
| 000 -LEADER | |
|---|---|
| fixed length control field | 01824cam a22002414a 4500 |
| 005 - ΗΜΕΡΟΜΗΝΙΑ ΚΑΙ ΩΡΑ ΤΕΛΕΥΤΑΙΑΣ ΕΝΗΜΕΡΩΣΗΣ | |
| Πεδίο ελέγχου | 20250605164218.0 |
| 008 - FIXED-LENGTH DATA ELEMENTS--GENERAL INFORMATION | |
| Πεδίο ελέγχου σταθερού μήκους | 250528s ||||||||||||||||||||||||d |
| 035 ## - SYSTEM CONTROL NUMBER | |
| System control number | 20554 |
| 020 ## - ISBN | |
| ISBN | 153777974 |
| 040 ## - ΠΗΓΗ ΚΑΤΑΛΟΓΟΓΡΑΦΗΣΗΣ | |
| Φορέας πρωτότυπης καταλογογράφησης | MC Athens Campus Library |
| Γλώσσα καταλογογράφησης | Ελληνικά, Μοντέρνα (1453-) |
| Modifying agency | MC Athens Campus Library |
| Κανόνες περιγραφικής καταλογογράφησης | AACR2 |
| 245 1# - ΤΙΤΛΟΣ ΚΑΙ ΔΗΛΩΣΗ ΥΠΕΥΘΥΝΟΤΗΤΑΣ | |
| Τίτλος | America / Its People and Values: Workbook/ Tests |
| 250 ## - EDITION STATEMENT | |
| Edition statement | 2nd |
| 260 ## - PUBLICATION, DISTRIBUTION, ETC. | |
| Name of publisher, distributor, etc. | Harcourt Brace Jovanovich, Publishers, |
| Date of publication, distribution, etc. | 1979 |
| 300 ## - PHYSICAL DESCRIPTION | |
| Extent | 76 |
| 505 0# - FORMATTED CONTENTS NOTE | |
| Formatted contents note | A New World to Discover and Explore, English Colonies in North America, The Colonies Move toward Independence, Writing and Adopting the Constitution, Gaining Respect from Other Nations, Linking the New Lands with the Old, Changing Ways of Earning a Living, Settling Texas and the Far East, The Nations Fights a Terrible War, Building New States on the Plains, Many Peoples Build a New Nation, New Transportation and Communication, Political Parties and the Government, America Becomes a World Leader, Steps Toward a Peaceful World, Leade of the Free nations, A New Age of Science and Technology, Final Review. |
| 520 ## - SUMMARY, ETC. | |
| Summary, etc. | A New World to Discover and Explore, English Colonies in North America, The Colonies Move toward Independence, Writing and Adopting the Constitution, Gaining Respect from Other Nations, Linking the New Lands with the Old, Changing Ways of Earning a Living, Settling Texas and the Far East, The Nations Fights a Terrible War, Building New States on the Plains, Many Peoples Build a New Nation, New Transportation and Communication, Political Parties and the Government, America Becomes a World Leader, Steps Toward a Peaceful World, Leade of the Free nations, A New Age of Science and Technology, Final Review. |
| 700 1# - ΠΡΟΣΘΕΤΗ ΑΝΑΓΡΑΦΗ--ΦΥΣΙΚΟ ΠΡΟΣΩΠΟ | |
| Personal name | Biller Edward L. |
| 9 (RLIN) | 5765 |
| 700 1# - ΠΡΟΣΘΕΤΗ ΑΝΑΓΡΑΦΗ--ΦΥΣΙΚΟ ΠΡΟΣΩΠΟ | |
| Personal name | Gabriel Ralph H |
| 9 (RLIN) | 5766 |
| 700 1# - ΠΡΟΣΘΕΤΗ ΑΝΑΓΡΑΦΗ--ΦΥΣΙΚΟ ΠΡΟΣΩΠΟ | |
| Personal name | Wood Leonard C |
| 9 (RLIN) | 5767 |
| 942 ## - ADDED ENTRY ELEMENTS (KOHA) | |
| Koha item type | Books |
| Τύπος τεκμηρίου | Βιβλιοθήκη | Τρέχουσα τοποθεσία | Barcode | Αριθμός εισαγωγής | Ημερομηνία απόκτησης | Ταξιθετικό σύμβολο | Αριθμός αντιτύπου | Κατάσταση απόσυρσης | Κατάσταση χαμένου | Κατάσταση κατεστραμμένου | Μη δανεισμός | Σύνολο δανεισμών | Ημερομηνία τελευταίας εμφάνισης | Η τιμή ισχύει από |
|---|---|---|---|---|---|---|---|---|---|---|---|---|---|---|
| Books | MC Athens Campus Library | MC Athens Campus Library | 9780000056511 | 7032 | 05/06/2025 | 973 HBJ | 3 | 05/06/2025 | 05/06/2025 |